| 000 | 00443nam a2200145 4500 | ||
|---|---|---|---|
| 001 | 112984 | ||
| 003 | ES-MaACL | ||
| 005 | 20230906185721.0 | ||
| 007 | t| | ||
| 008 | 061121s1919 sp r ||||1| spa d | ||
| 245 | 0 | 3 |
_aEl régimen de autonomía universitaria _b: extracto de documentos. |
| 260 |
_aMadrid : _b[s. n.], _c1919 ( _fTall. del Instituto Geográfico y Estadístico) |
||
| 300 |
_a326 p. ; _c28 x 20 cm. |
||
| 852 |
_aES-MaACL _jF-721 |
||
| 999 |
_c112984 _d112984 |
||